| 000 | 00365nam a2200109Ia 4500 | ||
|---|---|---|---|
| 008 | 160523s9999 xx 000 0 und d | ||
| 245 | _aParenting in South American and African Contexts | ||
| 245 | _c Maria Lucia Seidl-de-Moura | ||
| 260 | _c2013 | ||
| 650 | _xPsychology. | ||
| 856 | _uhttp://www.intechopen.com/books/parenting-in-south-american-and-african-contexts | ||
| 999 |
_c294792 _d294792 |
||